Introducción a la termodinámica en ingeniría química (Registro nro. 29295)

Detalles MARC
000 -LÍDER
fixed length control field 00621nam a22002177a 4500
003 - IDENTIFICADOR DEL NÚMERO DE CONTROL
control field ITZ
005 - FECHA Y HORA DE LA ULTIMA TRANSACCIÓN
Campo de control 20240216154447.0
008 - ELEMENTOS DE LONGITUD FIJA -- INFORMACIÓN GENERAL
fixed length control field 240216b |||||||| |||| 00| 0 spa d
020 ## - NÚMERO INTERNACIONAL NORMALIZADO PARA LIBROS
ISBN 978-607-15-1469-1
035 ## - Número de ficha (Janium)
Número de ficha (Janium) 17681
041 ## - CÓDIGO DE IDIOMA
Código de idioma para texto/pista de sonido o título separado SPA
050 ## - SIGNATURA TOPOGRAFICA DE LA BIBLIOTECA DEL CONGRESO (LC)
Número de Clasificación TP149
Cutter S54 2020
082 ## - NUMERO DE CLASIFICACION DECIMAL DEWEY
Número de Clasificación 660.284.299
Cutter S824i 2020
100 1# - ASIENTO PRINCIPAL--NOMBRE PERSONAL
Nombre personal Smith, J.M.
245 ## - TÍTULO
Título Introducción a la termodinámica en ingeniría química
Mención de responsabilidad, etc. J. M. Smith
250 ## - MENCIÓN DE EDICIÓN
Mención de edición 5 Español / 8 Ingles
260 ## - PUBLICACIÓN, DISTRIBUCIÓN, ETC. (PIE DE IMPRENTA)
Lugar de publicación, distribución, etc. México:
Nombre del editor, distribuidor, etc. Mc Graw Hill,
Fecha de publicación, distribución, etc. 2020
300 ## - DESCRIPCIÓN FÍSICA
Extensión xv, 654 p.
Otros detalles físicos il. /
Dimensiones 27 cm.
650 ## - ASIENTO SECUNDARIO DE MATERIA - TERMINO TEMÁTICO
Término temático o nombre geográfico como elemento de entrada 1. TERMODINAMICA \ 2. INGENIERIA QUÍMICA
942 ## - TIPO DE MATERIAL (KOHA)
Koha item type Libros
Existencias
No. biblioteca No. biblioteca Número de clasificación Código de barras/Número de adquisición Número de copia Tipo de material Otras carreras
ÁREA DE QUÍMICA LUIS G. INCLAN 660.284.299 S824i 2020 54653 1 Libros LUIS G. INCLAN
ÁREA DE QUÍMICA LUIS G. INCLAN 660.284.299 S824i 2020 54654 2 Libros LUIS G. INCLAN
ÁREA DE QUÍMICA LUIS G. INCLAN 660.284.299 S824i 2020 54655 3 Libros LUIS G. INCLAN
Calzada Tecnológico # 27, Zacatepec, Morelos.
01(734) 343-07-23 / 343-21-10 / 343-21-11
Apdo. Postal 45 C.P 62780